LEADER 01103nas a2200277 i 4500 001 000000163816 003 CaOOAMICUS 005 20080505000000.0 008 070820b2007 gw uu u0 0ger r 013 $a141183 040 $aSeMil$bita 245 10$a2007 /$cherausgegeben von den Professoren der Theologischen Fakultät Paderborn. 260 $aMünster :$bAschendorff,$c2007. 300 $a[8], 520 p. ;$c24 cm. 500 $aArticoli con sintesi in tedesco [Kurzinhalt] e in inglese [Summary] in testa. 710 2 $aUniversität Paderborn : Theologische Fakultät .$0(OLS)http://semarc/name/2377 774 0 $t[SENZA TITOLO].$w()267168 774 0 $t[SENZA TITOLO].$w()267169 774 0 $t97. Jahrgang, 2007.$w()267170 774 0 $t[SENZA TITOLO].$w()268549 774 0 $t[SENZA TITOLO].$w()268550 850 $aSeMil 852 $aSeMil$W1$xVenegono$y1$m84 4 14$j115110$B115110$CSeMilBibl$Z2$F133766 $85 961 $aCambio: Scuola Cattolica 996 $6245$a2007$9(OLS)http://semarc/title/139856 996 $6260$aMünster :$bAschendorff$9(OLS)http://semarc/publisher/29674 LEADER 01200nas a2200241 i 4500 001 000000213952 003 CaOOAMICUS 005 20120806000000.0 008 120615b2012 it uu u0 0mul r 013 $a192807 020 $a978-88-7839-225-0 040 $aSeMil$bita 245 10$aWitness and Sanctity, at the heart of all evangelization =$bTémoignage et sainteté au coeur de toute évangélisation /$c[Adam Wolanin, Editor]. 260 $aRoma :$bGBP, Gregorian & Biblical Press,$c2012. 300 $a452 p. ;$c23 cm. 500 $aFormulazione di responsabilità da preliminari. 773 0 $tStudia Missionalia.$dRomae : Apud Aedes Pontificiae Universitatis Gregorianae, 1943.$w()3397 850 $aSeMil 852 $aSeMil$W1$xVenegono$y1$m200 6 161$j164380$B164380$CSeMilBibl$Z2$F176288 $85 961 $aAbbonamento: Pontificia Università Gregoriana 996 $6020$a978-88-7839-225-0$9(OLS)http://semarc/number/210085 996 $6245$aWitness and Sanctity, at the heart of all evangelization =$bTémoignage et sainteté au coeur de toute évangélisation$9(OLS)http://semarc/title/308380 996 $6260$aRoma :$bGBP, Gregorian & Biblical Press$9(OLS)http://semarc/publisher/33573